000 00409nam a22001217a 4500
008 230623b xxu||||| |||| 00| 0 eng d
082 _a330.97
_bMOFEP
100 _cCentral Bureau of Statistics
245 _aEconomic Survey 1965
_bPrepared by the Central Bureau of Statistics Ministry of planning and National Development
260 _aNairobi
_bCentral Bureau of Statistics
300 _a73p
942 _2ddc
_cBK
999 _c2493
_d2493